000 00719nam a2200265 a 4500
001 30307
003 AR-BaAGN
005 20231116145648.0
007 ta
008 220625s2019 ag |||||r|||| ||||||spa d
020 _a978-987-47222-3-2
040 _dAR-BaAGN
_aAR-BaAGN
_bspa
_eaacr
100 1 _aMonedero, Juan Carlos
245 1 0 _aLos nuevos desafios del Leviatán :
_bel Estado en la era de la hegemonia neoliberal
250 _a1ª ed.
260 _aBuenos Aires :
_bAkal,
_c2019.
300 _a352 páginas
336 _2rdacontent
_btxt
337 _2rdamedia
_bn
338 _2rdacarrier
_bnc
650 4 _aPOLÍTICA
_92164
650 4 _aANÁLISIS POLÍTICO
_95401
942 _cLIBRO
999 _c30307
_d30307